01181nam a22001577a 4500003000900000005001700009008004100026040001300067100002200080245008400102250001100186260003300197300001800230490002600248520074900274IT-RoPau20220918181102.0130327b xxu||||| |||| 00| 0 eng d cIT-RoPau aTeseyra, Fernando aDatos y lectura interpretativa al Cuestionario...b"Ser San Pablo viviente hoy" a1° ed aRomabSSP Casa Generalc2004 a47 pp.c21 cm aSociedad de San Pablo aĺndice Estadísticas relativas al cuestionario 1. La Congrecación en cifras al 31.12.2003 1.1. Estado personal por franjas de edad y posición jurídica 1.2. Estado personal por posición jurídica y áreas geográficas 1.3. Moviemiento del personal desde 1998 al 2003 1.4. Circunsripciones por posición jurídica y media de edad 1.5. Proyecciones sintéticas 2004-2010 2. Análisis de los resultados de las 28 preguntas del cuestionario 3. Resumen de las reflexiones comunitarias y sugerencias para la Comisión Preparatoria 4. Diferencias significativas en los datos distribuidos por áreas geográficas 5. Diferencias significativas en los datos distribuidos por edad 6. Lectura interpretativa tranversal